<?xml version="1.0" encoding="UTF-8"?><?xml-stylesheet type="text/xsl" href="static/style.xsl"?><OAI-PMH xmlns="http://www.openarchives.org/OAI/2.0/" xmlns:xsi="http://www.w3.org/2001/XMLSchema-instance" xsi:schemaLocation="http://www.openarchives.org/OAI/2.0/ http://www.openarchives.org/OAI/2.0/OAI-PMH.xsd"><responseDate>2026-06-03T11:44:14Z</responseDate><request verb="GetRecord" identifier="oai:riuma.uma.es:10630/28909" metadataPrefix="marc">https://riuma.uma.es/rest/oai/request</request><GetRecord><record><header><identifier>oai:riuma.uma.es:10630/28909</identifier><datestamp>2026-02-03T11:37:38Z</datestamp><setSpec>com_10630_2254</setSpec><setSpec>col_10630_37960</setSpec></header><metadata><record xmlns="http://www.loc.gov/MARC21/slim" xmlns:dcterms="http://purl.org/dc/terms/" xmlns:doc="http://www.lyncode.com/xoai" xmlns:xsi="http://www.w3.org/2001/XMLSchema-instance" xsi:schemaLocation="http://www.loc.gov/MARC21/slim http://www.loc.gov/standards/marcxml/schema/MARC21slim.xsd">
   <leader>00925njm 22002777a 4500</leader>
   <datafield ind2=" " ind1=" " tag="042">
      <subfield code="a">dc</subfield>
   </datafield>
   <datafield ind2=" " ind1=" " tag="720">
      <subfield code="a">Sedeño López, José Francisco</subfield>
      <subfield code="e">author</subfield>
   </datafield>
   <datafield ind2=" " ind1=" " tag="260">
      <subfield code="c">2023</subfield>
   </datafield>
   <datafield ind2=" " ind1=" " tag="520">
      <subfield code="a">La puesta en marcha del programa Next Generation EU ha vuelto a abrir el debate sobre la necesidad de reforma del sistema de financiación comunitario. La introducción del recurso propio basado en el plástico y las propuestas sobre otros recursos relacionados con los objetivos en materia de transición ecológica han puesto fin a años de intentos de reforma fallidos y han abierto la puerta a un nuevo escenario en el que se supere la regla de la unanimidad y se avance hacia una mayor integración fiscal a nivel comunitario.</subfield>
   </datafield>
   <datafield ind1="8" ind2=" " tag="024">
      <subfield code="a">https://hdl.handle.net/10630/28909</subfield>
   </datafield>
   <datafield tag="653" ind2=" " ind1=" ">
      <subfield code="a">Unión Europea - Política fiscal</subfield>
   </datafield>
   <datafield ind2="0" ind1="0" tag="245">
      <subfield code="a">¿Hacia una verdadera «Unión» Europea en materia fiscal? Pasado, presente y futuro de los recursos propios comunitarios en el contexto de la transición ecológica.</subfield>
   </datafield>
</record>
</metadata></record></GetRecord></OAI-PMH>